[Event "GER Seniors Derby 15th"]
[Site "Wesel Undeloh"]
[Date "2016.04.07"]
[Round "4"]
[White "Witte, Volker"]
[Black "Rehder, Andrea"]
[Result "1/2-1/2"]
[WhiteElo "1893"]
[BlackElo "1702"]
[PlyCount "72"]
[EventDate "2016.04.06"]
[EventType "swiss"]
[EventRounds "9"]
[EventCountry "GER"]
[SourceTitle "EXT 2019"]
[Source "ChessBase"]
[SourceDate "2018.10.10"]
[SourceVersion "1"]
[SourceVersionDate "2018.10.10"]
[SourceQuality "1"]

1. d4 Nf6 2. c4 g6 3. Nc3 d5 4. cxd5 Nxd5 5. e4 Nxc3 6. bxc3 Bg7 7. Bc4 c5 8. Ne2 Nc6 9. d5 Ne5 10. Bb3 0-0 11. f4 c4 12. Bc2 Nd7 13. Be3 Qa5 14. e5 Nc5 15. 0-0 Bg4 16. h3 Bd7 17. Qd2 Ba4 18. Bxa4 Nxa4 19. Ng3 Qxc3 20. Rac1 Qxd2 21. Bxd2 b5 22. Bb4 Rfe8 23. Ne4 Rad8 24. Rfd1 Nb2 25. d6 Nxd1 26. dxe7 Rd4 27. Nd6 Rxe7 28. Nxb5 Red7 29. Nxd4 Rxd4 30. Bc5 Rd2 31. Rxc4 Rxa2 32. Bd6 h5 33. Rc8+ Kh7 34. Rc7 Kg8 35. Rc8+ Kh7 36. Rc7 Kg8 1/2-1/2

[Event "Wiesbaden op 24th"]
[Site "Wiesbaden"]
[Date "2012.08.23"]
[Round "1"]
[White "Geske, Julian"]
[Black "Witte, Volker"]
[Result "1-0"]
[WhiteElo "2391"]
[BlackElo "1903"]
[PlyCount "87"]
[EventDate "2012.08.23"]
[EventType "swiss"]
[EventRounds "7"]
[EventCountry "GER"]
[SourceTitle "CBM 150 Extra"]
[Source "ChessBase"]
[SourceDate "2012.10.19"]
[SourceVersion "1"]
[SourceVersionDate "2012.10.19"]
[SourceQuality "1"]

1. e4 c6 2. d4 d5 3. Nc3 dxe4 4. Nxe4 Bf5 5. Ng3 Bg6 6. h4 h6 7. Nf3 Nd7 8. h5 Bh7 9. Bd3 Bxd3 10. Qxd3 e6 11. Bf4 Qa5+ 12. Bd2 Qc7 13. 0-0-0 Ngf6 14. Ne4 0-0-0 15. g3 Nxe4 16. Qxe4 Nf6 17. Qe2 Bd6 18. c4 c5 19. Bc3 Rhe8 20. dxc5 Qxc5 21. Ne5 Bxe5 22. Bxe5 Rxd1+ 23. Rxd1 Rd8 24. Rxd8+ Kxd8 25. Kb1 Kc8 26. b3 a6 27. Kb2 Kd7 28. a3 Ke7 29. b4 Qc6 30. g4 Ne8 31. f3 f6 32. Bd4 Nd6 33. Kb3 Kf7 34. Qd3 Kg8 35. a4 Kf7 36. b5 Qc8 37. Bxf6 Qxc4+ 38. Qxc4 Nxc4 39. Kxc4 Kxf6 40. bxa6 bxa6 41. Kb4 Ke5 42. Ka5 Kf4 43. Kxa6 Kxf3 44. Kb5 1-0

[Event "Leverkusen Bayer op 10th"]
[Site "Leverkusen"]
[Date "2012.03.21"]
[Round "6"]
[White "Witte, Volker"]
[Black "Eschweiler, Gottfried"]
[Result "1/2-1/2"]
[WhiteElo "1724"]
[BlackElo "1540"]
[PlyCount "54"]
[EventDate "2012.01.11"]
[EventType "swiss"]
[EventRounds "7"]
[EventCountry "GER"]
[SourceTitle "EXT 2014"]
[Source "ChessBase"]
[SourceDate "2013.11.20"]
[SourceVersion "1"]
[SourceVersionDate "2013.11.20"]
[SourceQuality "1"]

1. d4 Nf6 2. c4 g6 3. Nc3 Bg7 4. e4 d6 5. f3 0-0 6. Be3 e5 7. d5 a6 8. Bd3 c6 9. Nge2 h6 10. Qd2 h5 11. 0-0-0 Bd7 12. h4 cxd5 13. exd5 b5 14. Bg5 Qa5 15. Bxf6 Bxf6 16. Ne4 Qxd2+ 17. Rxd2 Be7 18. c5 dxc5 19. d6 Bd8 20. Nxc5 Ba5 21. Rc2 f5 22. Nc3 Rf6 23. Re1 Bxc3 24. Rxc3 Rxd6 25. Rxe5 Kf7 26. Nb7 Rd4 27. g3 Nc6 1/2-1/2

[Event "Leverkusen Bayer op 10th"]
[Site "Leverkusen"]
[Date "2012.03.07"]
[Round "5"]
[White "Themm, Rainer"]
[Black "Witte, Volker"]
[Result "1/2-1/2"]
[WhiteElo "1759"]
[BlackElo "1724"]
[PlyCount "54"]
[EventDate "2012.01.11"]
[EventType "swiss"]
[EventRounds "7"]
[EventCountry "GER"]
[SourceTitle "EXT 2014"]
[Source "ChessBase"]
[SourceDate "2013.11.20"]
[SourceVersion "1"]
[SourceVersionDate "2013.11.20"]
[SourceQuality "1"]

1. e4 c6 2. d4 d5 3. exd5 cxd5 4. Nf3 Nf6 5. Be2 Bg4 6. 0-0 e6 7. c3 Bd6 8. Ne5 Bf5 9. Bg5 h6 10. Bh4 g5 11. Bg3 Nc6 12. Re1 Ne4 13. Nxc6 bxc6 14. Bxd6 Qxd6 15. Nd2 Nxd2 16. Qxd2 Rb8 17. b4 Qf4 18. Rad1 Qxd2 19. Rxd2 h5 20. a4 Ke7 21. a5 h4 22. h3 Kd6 23. Bd1 Rhg8 24. f3 Bg6 25. Re3 Bf5 26. Kf2 Rh8 27. Ba4 Rhc8 1/2-1/2

[Event "Troisdorf op"]
[Site "Troisdorf"]
[Date "2011.11.08"]
[Round "3"]
[White "Trube, Dieter"]
[Black "Witte, Volker"]
[Result "1/2-1/2"]
[WhiteElo "1644"]
[BlackElo "1757"]
[PlyCount "77"]
[EventDate "2011.10.25"]
[EventType "swiss"]
[EventRounds "7"]
[EventCountry "GER"]
[SourceTitle "EXT 2013"]
[Source "ChessBase"]
[SourceDate "2012.11.22"]
[SourceVersion "1"]
[SourceVersionDate "2012.11.22"]
[SourceQuality "1"]

1. e4 c6 2. d4 d5 3. Nc3 dxe4 4. Nxe4 Bf5 5. Ng3 Bg6 6. h4 h6 7. Nf3 Nd7 8. h5 Bh7 9. Bd3 Bxd3 10. Qxd3 Ngf6 11. Bd2 e6 12. 0-0-0 Qc7 13. Ne4 Nxe4 14. Qxe4 Nf6 15. Qe2 0-0-0 16. g3 Bd6 17. Ne5 Bxe5 18. dxe5 Nd5 19. c4 Ne7 20. Bb4 c5 21. Bc3 Nc6 22. Qe3 b6 23. Rxd8+ Rxd8 24. Rd1 Rxd1+ 25. Kxd1 Qd7+ 26. Kc2 a5 27. a3 Kd8 28. Qd3 Qxd3+ 29. Kxd3 Ke7 30. Ke4 f5+ 31. exf6+ gxf6 32. Bd2 f5+ 33. Kf4 Kf6 34. g4 e5+ 35. Kg3 f4+ 36. Kf3 Nd4+ 37. Ke4 a4 38. f3 Ke6 39. Be1 1/2-1/2

[Event "Troisdorf op"]
[Site "Troisdorf"]
[Date "2011.11.01"]
[Round "2"]
[White "Witte, Volker"]
[Black "Gutt, Oswald"]
[Result "0-1"]
[WhiteElo "1757"]
[BlackElo "1914"]
[PlyCount "40"]
[EventDate "2011.10.25"]
[EventType "swiss"]
[EventRounds "7"]
[EventCountry "GER"]
[SourceTitle "EXT 2013"]
[Source "ChessBase"]
[SourceDate "2012.11.22"]
[SourceVersion "1"]
[SourceVersionDate "2012.11.22"]
[SourceQuality "1"]

1. d4 e6 2. c4 Nf6 3. Nc3 Bb4 4. Nf3 0-0 5. g3 d5 6. cxd5 exd5 7. Bd2 Nc6 8. Bg2 Ne4 9. 0-0 Re8 10. a3 Bxc3 11. Bxc3 Bg4 12. h3 Bh5 13. Re1 Re6 14. Nh4 Qf6 15. Bxe4 Rxe4 16. Qb3 Rd8 17. Ng2 Bxe2 18. Qxb7 g5 19. Rac1 Rb8 20. Rxe2 Rxe2 0-1

[Event "Troisdorf op"]
[Site "Troisdorf"]
[Date "2011.10.25"]
[Round "1"]
[White "Hoferichter, Michael"]
[Black "Witte, Volker"]
[Result "0-1"]
[WhiteElo "1209"]
[BlackElo "1757"]
[PlyCount "92"]
[EventDate "2011.10.25"]
[EventType "swiss"]
[EventRounds "7"]
[EventCountry "GER"]
[SourceTitle "EXT 2013"]
[Source "ChessBase"]
[SourceDate "2012.11.22"]
[SourceVersion "1"]
[SourceVersionDate "2012.11.22"]
[SourceQuality "1"]

1. e4 c6 2. d4 d5 3. Nc3 dxe4 4. Nxe4 g6 5. Nf3 Bg7 6. Bc4 Bg4 7. Bxf7+ Kf8 8. Neg5 Qa5+ 9. Bd2 Qa6 10. c3 Nd7 11. h3 Bxf3 12. Qxf3 Ngf6 13. Be6 Ke8 14. Nf7 Rf8 15. Bxd7+ Nxd7 16. Qe3 Rxf7 17. f4 Kf8 18. h4 Nf6 19. Qf3 Qb5 20. Bc1 Qd5 21. 0-0 Qxf3 22. Rxf3 h5 23. f5 gxf5 24. Rxf5 e6 25. Rf3 Nd5 26. Rg3 Ke7 27. Bd2 Raf8 28. Rxg7 Rxg7 29. Bh6 Rfg8 30. Bxg7 Rxg7 31. Rf1 Rg4 32. g3 Rxg3+ 33. Kh2 Rg4 34. Rf3 Nf4 35. Rf2 Kf6 36. c4 Kf5 37. Rf1 Rg2+ 38. Kh1 Rxb2 39. Rc1 Re2 40. Rg1 Ke4 41. d5 cxd5 42. cxd5 exd5 43. Rb1 d4 44. Rxb7 d3 45. Kg1 d2 46. Rb1 Re1+ 0-1

[Event "Leverkusen Bayer op 9th"]
[Site "Leverkusen"]
[Date "2011.03.28"]
[Round "6"]
[White "Ljuboschiz, Alexander"]
[Black "Witte, Volker"]
[Result "1/2-1/2"]
[WhiteElo "2219"]
[BlackElo "1664"]
[PlyCount "130"]
[EventDate "2011.01.10"]
[EventType "swiss"]
[EventRounds "7"]
[EventCountry "GER"]
[SourceTitle "EXT 2012"]
[Source "ChessBase"]
[SourceDate "2011.11.24"]
[SourceVersion "1"]
[SourceVersionDate "2011.11.24"]
[SourceQuality "1"]

1. e4 c6 2. d4 d5 3. Nc3 dxe4 4. Nxe4 Bf5 5. Ng3 Bg6 6. Nf3 Nd7 7. h4 h6 8. h5 Bh7 9. Bd3 Bxd3 10. Qxd3 Ngf6 11. Bd2 e6 12. Qe2 Qc7 13. 0-0-0 0-0-0 14. Ne5 Nxe5 15. dxe5 Nd5 16. c4 Nb4 17. Bxb4 Bxb4 18. a3 Be7 19. f4 Qb6 20. Ne4 Qb3 21. Qc2 Qe3+ 22. Kb1 Rxd1+ 23. Rxd1 Qxf4 24. Nd6+ Bxd6 25. exd6 Rd8 26. c5 Rd7 27. Ka1 Qf5 28. Qxf5 exf5 29. Rf1 g6 30. g3 b6 31. b4 bxc5 32. bxc5 Rb7 33. Rh1 Rb3 34. hxg6 fxg6 35. Rxh6 Rxa3+ 36. Kb2 Rxg3 37. Rh8+ Kd7 38. Rh7+ Ke6 39. Re7+ Kf6 40. Rc7 Rd3 41. Rxc6 g5 42. Kc2 Rd5 43. Kc3 g4 44. Kc4 Rd1 45. Rc8 g3 46. Rg8 f4 47. Kb5 Kf7 48. Rg4 Ke6 49. Kc6 a5 50. d7 Kf5 51. Rg8 a4 52. d8Q Rxd8 53. Rxd8 g2 54. Rg8 f3 55. Kd6 f2 56. c6 g1Q 57. Rf8+ Ke4 58. c7 Qd1+ 59. Ke7 Ke5 60. c8Q Qd6+ 61. Ke8 Qg6+ 62. Kd8 Qg5+ 63. Ke8 Qh5+ 64. Kd8 Qd1+ 65. Ke8 Qh5+ 1/2-1/2

[Event "Troisdorf op "]
[Site "Troisdorf"]
[Date "2010.12.07"]
[Round "7"]
[White "Witte, Volker"]
[Black "Hahn, Juergen"]
[Result "1/2-1/2"]
[WhiteElo "1672"]
[BlackElo "1694"]
[PlyCount "79"]
[EventDate "2010.10.26"]
[EventType "swiss"]
[EventRounds "7"]
[EventCountry "GER"]
[SourceTitle "EXT 2013"]
[Source "ChessBase"]
[SourceDate "2012.11.22"]
[SourceVersion "1"]
[SourceVersionDate "2012.11.22"]
[SourceQuality "1"]

1. d4 Nf6 2. c4 e6 3. Nc3 d5 4. cxd5 exd5 5. Bg5 Be7 6. e3 c6 7. Bd3 Nbd7 8. Qc2 Nf8 9. Nge2 Ng6 10. h4 Ng4 11. h5 Nf8 12. Bf4 h6 13. f3 Nf6 14. 0-0-0 Ne6 15. g4 Bd6 16. Rdg1 Qc7 17. Bg3 Bd7 18. Bh4 Ng5 19. Bxg5 hxg5 20. Rh3 0-0-0 21. Rgh1 Rh6 22. Rg1 Re8 23. Nd1 Kb8 24. Ng3 Bxg3 25. Rhxg3 Rhh8 26. Qh2 c5 27. dxc5 Qxc5+ 28. Qc2 Qd6 29. Qb3 Rc8+ 30. Kb1 Be6 31. Bf5 Rc6 32. Bxe6 fxe6 33. Qd3 Rhc8 34. Nc3 Qb4 35. Ka1 e5 36. R3g2 d4 37. exd4 exd4 38. Ne2 Rc2 39. Qb3 Qe7 40. Qd3 1/2-1/2

[Event "Troisdorf op "]
[Site "Troisdorf"]
[Date "2010.11.16"]
[Round "4"]
[White "Witte, Volker"]
[Black "Margenberg, Volker"]
[Result "1/2-1/2"]
[WhiteElo "1672"]
[BlackElo "1601"]
[PlyCount "79"]
[EventDate "2010.10.26"]
[EventType "swiss"]
[EventRounds "7"]
[EventCountry "GER"]
[SourceTitle "EXT 2013"]
[Source "ChessBase"]
[SourceDate "2012.11.22"]
[SourceVersion "1"]
[SourceVersionDate "2012.11.22"]
[SourceQuality "1"]

1. d4 Nf6 2. c4 g6 3. Nc3 d5 4. cxd5 Nxd5 5. e4 Nxc3 6. bxc3 c5 7. Be3 Qa5 8. Qb3 Bg7 9. Nf3 0-0 10. Bc4 e6 11. 0-0 Bd7 12. a4 cxd4 13. cxd4 Bc6 14. Ng5 Bxd4 15. Nxe6 Bxa1 16. Rxa1 fxe6 17. Bxe6+ Kg7 18. Bd4+ Kh6 19. Be3+ g5 20. h4 Qe5 21. Bxg5+ Kg6 22. Bf5+ Rxf5 23. exf5+ Qxf5 24. Re1 Bd5 25. Qb4 Nc6 26. Qd6+ Kg7 27. Qc7+ Qf7 28. Qg3 Kh8 29. Qc3+ Kg8 30. Qg3 Qg7 31. Qd3 Qf7 32. Bh6 Rd8 33. Qg3+ Qg6 34. Bg5 Kh8 35. Qc3+ Kg8 36. Qg3 Rf8 37. Qc7 Qf7 38. Qg3 Qg6 39. Qc7 Qf7 40. Qg3 1/2-1/2

[Event "Cologne Ford op"]
[Site "Cologne"]
[Date "2010.05.17"]
[Round "5"]
[White "Witte, Volker"]
[Black "Fimmers, Heinrich"]
[Result "1/2-1/2"]
[WhiteElo "1717"]
[BlackElo "1474"]
[PlyCount "117"]
[EventDate "2010.04.19"]
[EventType "swiss"]
[EventRounds "7"]
[EventCountry "GER"]
[SourceTitle "EXT 2011"]
[Source "ChessBase"]
[SourceDate "2010.11.26"]
[SourceVersion "1"]
[SourceVersionDate "2010.11.26"]
[SourceQuality "1"]

1. d4 d5 2. c4 e6 3. Nc3 Nf6 4. cxd5 exd5 5. Bg5 c6 6. Nf3 Be7 7. e3 Bf5 8. Qb3 Qb6 9. Qxb6 axb6 10. Kd2 Ne4+ 11. Nxe4 Bxe4 12. Bxe7 Kxe7 13. Ne5 Nd7 14. Nxd7 Kxd7 15. f3 Bg6 16. h4 h5 17. a3 Bf5 18. Be2 Kd6 19. Rag1 Rae8 20. g4 hxg4 21. fxg4 Be4 22. Rh2 Re7 23. g5 g6 24. Rf1 Bf5 25. h5 c5 26. h6 cxd4 27. Rf3 dxe3+ 28. Rxe3 Rxe3 29. Kxe3 Ke5 30. Rh4 Be4 31. Bd3 d4+ 32. Kd2 Bxd3 33. Kxd3 Kf5 34. Rxd4 Kxg5 35. Rd7 Kxh6 36. Rxf7 Rh7 37. Rf6 Kh5 38. Rxb6 g5 39. Ke4 Rf7 40. Ke5 g4 41. Ke6 Rf3 42. Rxb7 Kh4 43. Kd5 Kg3 44. Kc4 Rf4+ 45. Kb3 Kf2 46. Rg7 g3 47. a4 g2 48. a5 Rf3+ 49. Ka4 Rg3 50. Rf7+ Ke3 51. Re7+ Kd3 52. Re1 g1Q 53. Rxg1 Rxg1 54. Kb5 Rb1 55. a6 Rxb2+ 56. Kc6 Kc4 57. a7 Ra2 58. Kb7 Rb2+ 59. Kc6 1/2-1/2

[Event "Leverkusen-ch op"]
[Site "Leverkusen"]
[Date "2010.03.08"]
[Round "4"]
[White "Witte, Volker"]
[Black "Birnkott, Manfred"]
[Result "1-0"]
[WhiteElo "1717"]
[BlackElo "1978"]
[PlyCount "63"]
[EventDate "2010.01.18"]
[EventType "swiss"]
[EventRounds "7"]
[EventCountry "GER"]
[SourceTitle "EXT 2011"]
[Source "ChessBase"]
[SourceDate "2010.11.26"]
[SourceVersion "1"]
[SourceVersionDate "2010.11.26"]
[SourceQuality "1"]

1. d4 d5 2. c4 e6 3. cxd5 exd5 4. Nc3 Nf6 5. Bg5 Nbd7 6. e3 c6 7. Bd3 Be7 8. Qc2 0-0 9. Nge2 Re8 10. 0-0-0 Ne4 11. Bxe4 dxe4 12. Bf4 f5 13. Qb3+ Kh8 14. h4 Nf6 15. d5 cxd5 16. Kb1 Qa5 17. Nb5 Bd7 18. Nc7 Ba4 19. Qc3 Bb4 20. Qd4 Bxd1 21. Rxd1 Rac8 22. Nxe8 Rxe8 23. Be5 Bc5 24. Qc3 Qxc3 25. Bxc3 Rd8 26. Bxf6 gxf6 27. Nf4 Rd6 28. a3 d4 29. exd4 Rxd4 30. Rc1 b6 31. b4 Be7 32. Ne6 1-0

[Event "Troisdorf op"]
[Site "Troisdorf"]
[Date "2009.12.08"]
[Round "7"]
[White "Witte, Volker"]
[Black "Raabe, Joachim"]
[Result "1-0"]
[WhiteElo "1672"]
[BlackElo "1839"]
[PlyCount "119"]
[EventDate "2009.10.27"]
[EventType "swiss"]
[EventRounds "7"]
[EventCountry "GER"]
[SourceTitle "EXT 2011"]
[Source "ChessBase"]
[SourceDate "2010.11.26"]
[SourceVersion "1"]
[SourceVersionDate "2010.11.26"]
[SourceQuality "1"]

1. d4 c5 2. d5 e5 3. e4 d6 4. Bd3 Nf6 5. Nc3 Be7 6. Nge2 0-0 7. Ng3 Bg4 8. f3 Bd7 9. 0-0 Qc8 10. f4 Bg4 11. Be2 Bxe2 12. Qxe2 Nbd7 13. Nf5 Re8 14. g4 Kh8 15. g5 Ng8 16. Nxe7 Nxe7 17. f5 Rg8 18. Kh1 a6 19. Rf3 Nf8 20. a4 Qd7 21. a5 Nc8 22. Bd2 b5 23. axb6 Nxb6 24. Rxa6 Qb7 25. Rxa8 Qxa8 26. Nb5 Nc8 27. Ra3 Qb8 28. Ba5 Nb6 29. Bxb6 Qxb6 30. Ra7 c4 31. Qxc4 Qe3 32. Qd3 Qc1+ 33. Kg2 Qxg5+ 34. Qg3 Qd2+ 35. Qf2 Qc1 36. Nxd6 h6 37. Nxf7+ Kh7 38. c3 Qb1 39. Qe2 Qc1 40. c4 Nd7 41. Rxd7 Rb8 42. Rd8 Rxd8 43. Nxd8 Qg5+ 44. Kf3 Qxd8 45. b4 Qh4 46. Ke3 Qh3+ 47. Kd2 Qb3 48. b5 Qb2+ 49. Ke1 Qc1+ 50. Kf2 Qf4+ 51. Kg2 Qg5+ 52. Kh3 Qc1 53. Qd3 Qg1 54. d6 h5 55. Qf3 Qd4 56. Qxh5+ Kg8 57. Qe8+ Kh7 58. Qg6+ Kg8 59. d7 Qxd7 60. Qe6+ 1-0

[Event "Cologne Ford op"]
[Site "Cologne"]
[Date "2009.06.15"]
[Round "7"]
[White "Hirth, Ulrich"]
[Black "Witte, Volker"]
[Result "1-0"]
[WhiteElo "2037"]
[BlackElo "1658"]
[PlyCount "113"]
[EventDate "2009.04.27"]
[EventType "swiss"]
[EventRounds "7"]
[EventCountry "GER"]
[SourceTitle "EXT 2011"]
[Source "ChessBase"]
[SourceDate "2010.11.26"]
[SourceVersion "1"]
[SourceVersionDate "2010.11.26"]
[SourceQuality "1"]

1. d4 Nf6 2. Bf4 g6 3. h3 Bg7 4. c3 0-0 5. e3 d6 6. Nf3 Nc6 7. Be2 Nd7 8. 0-0 e5 9. Bh2 e4 10. Ne1 f5 11. Nd2 Kh8 12. f3 exf3 13. Bxf3 Nf6 14. e4 fxe4 15. Nxe4 Qe7 16. Nxf6 Bxf6 17. Nc2 Bf5 18. Re1 Qf7 19. Ne3 Bh4 20. Re2 Bxh3 21. Bxc6 Bf2+ 22. Kh1 bxc6 23. gxh3 Qf3+ 24. Ng2 Qxh3 25. Qd2 Bg3 26. Ne3 Rae8 27. Rg1 Bxh2 28. Rxh2 Qxe3 29. Qxe3 Rxe3 30. Rxg6 Re1+ 31. Rg1 Rff1 32. Rxf1 Rxf1+ 33. Kg2 Rb1 34. Kf3 Rf1+ 35. Ke2 Rg1 36. Kd3 Kg7 37. Kc4 Kg6 38. Kb4 Rg5 39. c4 h5 40. c5 dxc5+ 41. dxc5 Rd5 42. Rc2 Rd4+ 43. Ka5 h4 44. Ka6 Kg5 45. Kb7 Rd7 46. Kxa7 h3 47. Kb7 Rh7 48. Rh2 Kg4 49. a4 Kg3 50. Rh1 Rh4 51. a5 Rb4+ 52. Kxc6 Rxb2 53. a6 Ra2 54. Kb7 Kg2 55. Rb1 h2 56. a7 h1B 57. Rxh1 1-0

[Event "Cologne Ford op"]
[Site "Cologne"]
[Date "2009.05.25"]
[Round "5"]
[White "Strick, Gregor"]
[Black "Witte, Volker"]
[Result "0-1"]
[WhiteElo "100"]
[BlackElo "1658"]
[PlyCount "90"]
[EventDate "2009.04.27"]
[EventType "swiss"]
[EventRounds "7"]
[EventCountry "GER"]
[SourceTitle "EXT 2011"]
[Source "ChessBase"]
[SourceDate "2010.11.26"]
[SourceVersion "1"]
[SourceVersionDate "2010.11.26"]
[SourceQuality "1"]

1. e4 c6 2. d4 d5 3. f3 dxe4 4. fxe4 e5 5. Nf3 exd4 6. Bc4 Bb4+ 7. c3 dxc3 8. Qxd8+ Kxd8 9. Nxc3 Be6 10. Bxe6 fxe6 11. Bg5+ Ke8 12. 0-0-0 Nd7 13. Rd4 Bc5 14. Rd3 h6 15. Rhd1 Ngf6 16. Bf4 Ke7 17. Bd6+ Bxd6 18. Rxd6 g5 19. h3 Rad8 20. Kc2 Nc5 21. e5 Nd5 22. Nxd5+ exd5 23. Rxd8 Rxd8 24. Rc1 Kd7 25. b4 Ne4 26. Kd3 Rf8 27. Ke3 h5 28. Rc2 g4 29. hxg4 hxg4 30. Nh2 g3 31. Nf3 Nf2 32. a3 Rf5 33. b5 b6 34. a4 Ng4+ 35. Ke2 Nxe5 36. Nxe5+ Rxe5+ 37. Kf3 Rg5 38. Kf4 Rg8 39. Ke5 Rg4 40. Rc1 Rxa4 41. Rh1 Re4+ 42. Kf6 Kd6 43. Rh7 Kc5 44. Rxa7 Kxb5 45. Rg7 Re3 0-1

[Event "Leverkusen-ch op"]
[Site "Leverkusen"]
[Date "2009.03.02"]
[Round "4"]
[White "Wulfken, Christof"]
[Black "Witte, Volker"]
[Result "1/2-1/2"]
[WhiteElo "1893"]
[BlackElo "1662"]
[PlyCount "70"]
[EventDate "2009.01.12"]
[EventType "swiss"]
[EventRounds "7"]
[EventCountry "GER"]
[SourceTitle "EXT 2010"]
[Source "ChessBase"]
[SourceDate "2010.11.25"]
[SourceVersion "1"]
[SourceVersionDate "2010.11.25"]
[SourceQuality "1"]

1. d4 Nf6 2. Nf3 g6 3. c4 Bg7 4. Nc3 d6 5. e4 0-0 6. Be2 e5 7. dxe5 dxe5 8. Qxd8 Rxd8 9. Bg5 Re8 10. Nd5 Nxd5 11. cxd5 c6 12. dxc6 Nxc6 13. Bb5 Re6 14. Rc1 Nd4 15. Nxd4 exd4 16. Bd3 Rc6 17. Rxc6 bxc6 18. 0-0 Be6 19. b3 a5 20. Rb1 f6 21. Bf4 Bf8 22. Kf1 Be7 23. Ke2 Kf7 24. Bc7 Bb4 25. Bb6 c5 26. Bc7 a4 27. Bc4 axb3 28. Bxe6+ Kxe6 29. axb3 Ra2+ 30. Kf3 g5 31. g4 Ra7 32. Bg3 Rd7 33. Rd1 Bc3 34. Ke2 Rb7 35. Kd3 Rxb3 1/2-1/2

[Event "Leverkusen-ch op"]
[Site "Leverkusen"]
[Date "2009.02.09"]
[Round "3"]
[White "Witte, Volker"]
[Black "Liebsch, Felix"]
[Result "1-0"]
[WhiteElo "1662"]
[BlackElo "1233"]
[PlyCount "101"]
[EventDate "2009.01.12"]
[EventType "swiss"]
[EventRounds "7"]
[EventCountry "GER"]
[SourceTitle "EXT 2010"]
[Source "ChessBase"]
[SourceDate "2010.11.25"]
[SourceVersion "1"]
[SourceVersionDate "2010.11.25"]
[SourceQuality "1"]

1. d4 d5 2. c4 e6 3. cxd5 exd5 4. Nc3 c5 5. dxc5 Bxc5 6. Qxd5 Qxd5 7. Nxd5 Bd6 8. Bg5 Be6 9. Bf4 Bxf4 10. Nxf4 Bf5 11. f3 Nc6 12. e4 Bd7 13. Bc4 Nf6 14. Nd5 Nxd5 15. Bxd5 0-0 16. Ne2 Rac8 17. Kf2 b6 18. Rhd1 Rc7 19. Rd2 Rfc8 20. Rad1 Be8 21. Nc3 Ne5 22. Kg3 Nc4 23. Bxc4 Rxc4 24. a4 h5 25. Nd5 Kf8 26. b3 R4c6 27. Nf4 g6 28. Nd5 a6 29. Kf4 Re6 30. h4 Rcc6 31. Nb4 Rc3 32. Rd3 Rxd3 33. Rxd3 b5 34. a5 Ke7 35. Nd5+ Kd6 36. b4 Bc6 37. Nf6+ Ke7 38. e5 Be8 39. Nxe8 Kxe8 40. Rd6 Ke7 41. Rb6 Kd7 42. Rb7+ Ke8 43. Rc7 Kf8 44. Ke4 Ke8 45. Kd5 Kf8 46. Rc6 Ke7 47. Rxe6+ fxe6+ 48. Kc6 Kd8 49. Kd6 Ke8 50. Kxe6 Kd8 51. Kf7 1-0

[Event "Leverkusen-ch op"]
[Site "Leverkusen"]
[Date "2008.02.11"]
[Round "3"]
[White "Witte, Volker"]
[Black "Gnass, Arno"]
[Result "0-1"]
[WhiteElo "1673"]
[BlackElo "1639"]
[PlyCount "140"]
[EventDate "2008.01.14"]
[EventType "swiss"]
[EventRounds "7"]
[EventCountry "GER"]
[SourceTitle "EXT 2010"]
[Source "ChessBase"]
[SourceDate "2010.11.25"]
[SourceVersion "1"]
[SourceVersionDate "2010.11.25"]
[SourceQuality "1"]

1. d4 Nf6 2. c4 g6 3. Nc3 d5 4. cxd5 Nxd5 5. e4 Nxc3 6. bxc3 Bg7 7. Bc4 c5 8. Be3 0-0 9. Ne2 Nc6 10. 0-0 Qa5 11. Rb1 Rd8 12. Rb5 Qc7 13. Rxc5 b6 14. Bf4 e5 15. Rxc6 Qxc6 16. Bd5 Qc7 17. Bxa8 exf4 18. Bd5 Ba6 19. Qd2 Bxe2 20. Qxe2 Qxc3 21. Qf3 Qxf3 22. gxf3 Bxd4 23. Rd1 Bf6 24. Rc1 Rd7 25. Kf1 Kg7 26. Rc2 Be5 27. Ke2 Rc7 28. Rxc7 Bxc7 29. Kd3 Bd6 30. Ke2 Bc5 31. Kf1 Kf6 32. Kg2 Ke7 33. Kf1 b5 34. Kg2 a5 35. Kf1 b4 36. Bb3 f6 37. Bg8 h6 38. Bh7 a4 39. Bg8 Kd6 40. Ke2 Ke5 41. Kd3 Bxf2 42. Bf7 g5 43. Kc4 Be1 44. Be8 a3 45. Bd7 h5 46. h3 g4 47. hxg4 h4 48. g5 fxg5 49. Bh3 Kf6 50. Bc8 Kg6 51. Bf5+ Kf6 52. Bc8 Ke5 53. Bh3 Bc3 54. Bc8 Bb2 55. Bg4 b3 56. Kxb3 Kd4 57. Kb4 Ke3 58. e5 Bxe5 59. Kxa3 h3 60. Bxh3 Kxf3 61. Be6 Ke3 62. Kb4 f3 63. a4 f2 64. Bh3 g4 65. Bf1 Kd2 66. a5 Ke1 67. Bg2 f1Q 68. Bxf1 Kxf1 69. Kc5 g3 70. a6 g2 0-1

[Event "Leverkusen-ch op"]
[Site "Leverkusen"]
[Date "2007.03.12"]
[Round "6"]
[White "Liebsch, Conrad"]
[Black "Witte, Volker"]
[Result "0-1"]
[WhiteElo "1203"]
[BlackElo "1644"]
[PlyCount "42"]
[EventDate "2007.01.08"]
[EventType "swiss"]
[EventRounds "7"]
[EventCountry "GER"]
[SourceTitle "EXT 2008"]
[Source "ChessBase"]
[SourceDate "2007.11.25"]
[SourceVersion "1"]
[SourceVersionDate "2007.11.25"]
[SourceQuality "1"]

1. e4 e5 2. Nf3 Nf6 3. Bc4 Nxe4 4. Qe2 d5 5. d3 Nxf2 6. Nxe5 Qe7 7. Bb5+ c6 8. Rf1 cxb5 9. Rxf2 Be6 10. b3 Nd7 11. Bb2 Nxe5 12. Bxe5 Rc8 13. Nc3 Qd7 14. 0-0-0 Bb4 15. Kb2 0-0 16. Rf4 Rxc3 17. Bxc3 Bxc3+ 18. Kxc3 Qc7+ 19. Kb2 Qxf4 20. g3 Qd4+ 21. Kb1 Bg4 0-1

[Event "Leverkusen-ch op"]
[Site "Leverkusen"]
[Date "2007.01.29"]
[Round "3"]
[White "Witte, Volker"]
[Black "Weinmann Musset, Manfred"]
[Result "1/2-1/2"]
[WhiteElo "1644"]
[BlackElo "1842"]
[PlyCount "91"]
[EventDate "2007.01.08"]
[EventType "swiss"]
[EventRounds "7"]
[EventCountry "GER"]
[SourceTitle "EXT 2008"]
[Source "ChessBase"]
[SourceDate "2007.11.25"]
[SourceVersion "1"]
[SourceVersionDate "2007.11.25"]
[SourceQuality "1"]

1. d4 f5 2. g3 Nf6 3. Bg2 e6 4. Nh3 Be7 5. Nd2 d5 6. c4 c6 7. 0-0 0-0 8. f3 Na6 9. cxd5 exd5 10. Nb3 Nc7 11. Qc2 a5 12. a4 Qe8 13. Bd2 b6 14. Rac1 Bd7 15. Nf4 g5 16. Nd3 Ne6 17. Ne5 Nxd4 18. Nxd4 Bc5 19. Nxd7 Bxd4+ 20. Kh1 Qxd7 21. Bxg5 Bc5 22. Bh3 Ne8 23. e4 Qg7 24. Qd2 fxe4 25. Bh6 Qe5 26. Bxf8 e3 27. Qe2 Kxf8 28. f4 Qe7 29. Bg2 Nf6 30. f5 Re8 31. g4 Qe5 32. g5 Bd6 33. Bf3 Ne4 34. Bxe4 Qxe4+ 35. Rf3 c5 36. g6 hxg6 37. fxg6+ Kg7 38. Qg2 Rh8 39. Rf7+ Kg8 40. Rh7 Qxg2+ 41. Kxg2 Rxh7 42. gxh7+ Kxh7 43. Kf3 d4 44. b3 Kh6 45. Rg1 Kh7 46. Rg4 1/2-1/2